<?xml version="1.0" encoding="UTF-8"?><?xml-stylesheet type="text/xsl" href="static/style.xsl"?><OAI-PMH xmlns="http://www.openarchives.org/OAI/2.0/" xmlns:xsi="http://www.w3.org/2001/XMLSchema-instance" xsi:schemaLocation="http://www.openarchives.org/OAI/2.0/ http://www.openarchives.org/OAI/2.0/OAI-PMH.xsd"><responseDate>2026-04-14T07:19:30Z</responseDate><request verb="GetRecord" identifier="oai:www.recercat.cat:20.500.12327/585" metadataPrefix="marc">https://recercat.cat/oai/request</request><GetRecord><record><header><identifier>oai:recercat.cat:20.500.12327/585</identifier><datestamp>2025-10-22T11:13:01Z</datestamp><setSpec>com_2072_4428</setSpec><setSpec>com_2072_4427</setSpec><setSpec>col_2072_487898</setSpec></header><metadata><record xmlns="http://www.loc.gov/MARC21/slim" xmlns:dcterms="http://purl.org/dc/terms/" xmlns:xsi="http://www.w3.org/2001/XMLSchema-instance" xmlns:doc="http://www.lyncode.com/xoai" xsi:schemaLocation="http://www.loc.gov/MARC21/slim http://www.loc.gov/standards/marcxml/schema/MARC21slim.xsd">
   <leader>00925njm 22002777a 4500</leader>
   <datafield ind2=" " ind1=" " tag="042">
      <subfield code="a">dc</subfield>
   </datafield>
   <datafield ind2=" " ind1=" " tag="720">
      <subfield code="a">Lafarga, Tomás</subfield>
      <subfield code="e">author</subfield>
   </datafield>
   <datafield ind2=" " ind1=" " tag="720">
      <subfield code="a">Acién-Fernández, Francisco Gabriel</subfield>
      <subfield code="e">author</subfield>
   </datafield>
   <datafield ind2=" " ind1=" " tag="720">
      <subfield code="a">Castellari, Massimo</subfield>
      <subfield code="e">author</subfield>
   </datafield>
   <datafield ind2=" " ind1=" " tag="720">
      <subfield code="a">Villaró, Silvia</subfield>
      <subfield code="e">author</subfield>
   </datafield>
   <datafield ind2=" " ind1=" " tag="720">
      <subfield code="a">Bobo, Gloria</subfield>
      <subfield code="e">author</subfield>
   </datafield>
   <datafield ind2=" " ind1=" " tag="720">
      <subfield code="a">Aguiló-Aguayo, Ingrid</subfield>
      <subfield code="e">author</subfield>
   </datafield>
   <datafield ind2=" " ind1=" " tag="260">
      <subfield code="c">2019-05-09</subfield>
   </datafield>
   <datafield ind2=" " ind1=" " tag="520">
      <subfield code="a">The aim of this paper was to develop broccoli soups enriched in Spirulina sp., Chlorella sp., or Tetraselmis sp., at concentrations ranging from 0.5 to 2.0% (w/v), and to assess the effect of microalgae incorporation on their quality and acceptance. Incorporation of freeze-dried microalgae biomass into the broccoli soup resulted in lower L* values, especially after incorporation of Spirulina sp. and Chlorella sp. Microalgae incorporation also led to an increased content of polyphenols and to a higher antioxidant capacity. Microalgae-containing soups showed a higher amount of bioaccessible polyphenols, calculated after a simulated gastrointestinal digestion (ranging between 32.9 ± 1.1 and 45.6 ± 0.5 mg/100 mL). The acceptability index of soups formulated using lower microalgae concentrations was over 70% suggesting that the soups would be well accepted. Indeed, the purchase intention of the soups containing microalgae at 0.5% (w/v) ranged between 3.4 and 4.1 (assessed using a 5-point hedonic scale).</subfield>
   </datafield>
   <datafield ind1="8" ind2=" " tag="024">
      <subfield code="a">Lafarga, Tomás, Francisco Gabriel Acién-Fernández, Massimo Castellari, Silvia Villaró, Gloria Bobo, and Ingrid Aguiló-Aguayo. 2019. "Effect Of Microalgae Incorporation On The Physicochemical, Nutritional, And Sensorial Properties Of An Innovative Broccoli Soup". LWT 111: 167-174. Elsevier BV. doi:10.1016/j.lwt.2019.05.037.</subfield>
   </datafield>
   <datafield ind1="8" ind2=" " tag="024">
      <subfield code="a">0023-6438</subfield>
   </datafield>
   <datafield ind1="8" ind2=" " tag="024">
      <subfield code="a">http://hdl.handle.net/20.500.12327/585</subfield>
   </datafield>
   <datafield ind1="8" ind2=" " tag="024">
      <subfield code="a">https://doi.org/10.1016/j.lwt.2019.05.037</subfield>
   </datafield>
   <datafield ind2="0" ind1="0" tag="245">
      <subfield code="a">Effect of microalgae incorporation on the physicochemical, nutritional, and sensorial properties of an innovative broccoli soup</subfield>
   </datafield>
</record></metadata></record></GetRecord></OAI-PMH>